Normal view MARC view
  • SRIVASTAVA A.K. AND JAIN P. C

Entry Personal Name

Number of records used in: 1

001 - CONTROL NUMBER

  • control field: 3871

003 - CONTROL NUMBER IDENTIFIER

  • control field: OSt

005 - DATE AND TIME OF LATEST TRANSACTION

  • control field: 20170620160430.0

008 - FIXED-LENGTH DATA ELEMENTS

  • fixed length control field: 170620|| aca||aabn | a|a d

040 ## - CATALOGING SOURCE

  • Original cataloging agency: OSt
  • Transcribing agency: OSt

100 ## - HEADING--PERSONAL NAME

  • Personal name: SRIVASTAVA A.K. AND JAIN P. C

670 ## - SOURCE DATA FOUND

  • Source citation: Work cat.: (OSt): SRIVASTAVA A.K. AND JAIN P. C, INSTRUMENTAL APPROACH TO CHEMICAL ANALYSIS